| Tag |
First Indicator |
Second Indicator |
Subfields |
| LEADER |
00000cam a2200000 a 4500 |
| 001 |
in00000086978 |
| 005 |
20151008064648.0 |
| 008 |
820108s1981 txuab b s00000 eng d |
| 035 |
|
|
|a (OCoLC)08048602
|
| 035 |
|
|
|9 AAK4581AM
|
| 040 |
|
|
|a ILU
|c ILU
|d TXA
|d UtOrBLW
|
| 043 |
|
|
|a n-us-tx
|
| 049 |
|
|
|a TXAM
|c [1655288]
|
| 090 |
|
|
|a QL737.R6
|b M4
|
| 245 |
0 |
0 |
|a Mice of the genus Peromyscus in Guadalupe Mountains National Park, Texas /
|c John E. Cornely [and others].
|
| 264 |
|
1 |
|a Lubbock, Tex. :
|b Texas Tech Press,
|c 1981.
|
| 300 |
|
|
|a 35 pages :
|b illustrations, maps ;
|c 23 cm.
|
| 336 |
|
|
|a text
|b txt
|2 rdacontent
|
| 337 |
|
|
|a unmediated
|b n
|2 rdamedia
|
| 338 |
|
|
|a volume
|b nc
|2 rdacarrier
|
| 490 |
1 |
|
|a Occasional papers / The Museum, Texas Tech University,
|x 0149-175x ;
|v no. 74
|
| 500 |
|
|
|a Cover title.
|
| 504 |
|
|
|a Bibliography: pages 34-35.
|
| 650 |
|
0 |
|a Mice.
|
| 700 |
1 |
|
|a Cornely, John Edgar.
|
| 830 |
|
0 |
|a Occasional papers (Texas Tech University. Museum) ;
|v no. 74.
|
| 999 |
|
|
|a MARS
|
| 999 |
f |
f |
|s 5c4449f9-dc89-3321-8261-6c604b93153b
|i bc36e11b-9605-3273-b34e-cb11d7c775ac
|t 0
|
| 952 |
f |
f |
|p ric
|a Texas A&M University
|b Rellis Campus
|c Joint Library Facility
|d Remote Storage
|t 0
|e QL737.R6 M4
|h Library of Congress classification
|i unmediated -- volume
|m A14806222194
|
| 998 |
f |
f |
|a QL737.R6 M4
|t 0
|l Remote Storage
|